Informe de labores 2001

সংরক্ষণ করুন:
গ্রন্থ-পঞ্জীর বিবরন
প্রধান লেখক: Muñoz Umaña, Flor de María, 1958-
বিন্যাস: গ্রন্থ
ভাষা:Spanish
প্রকাশিত: [San José, Costa Rica] : Universidad de Costa Rica, Facultad de Ingeniería, Instituto de Investigaciones en Ingeniería 2002
ট্যাগগুলো: ট্যাগ যুক্ত করুন
কোনো ট্যাগ নেই, প্রথমজন হিসাবে ট্যাগ করুন!

MARC

LEADER 00000nam a2200000Ia 4500
003 MV0249
005 20240419151526.0
008 140114s2001 cr a 000 ||spa d
040 |c cru CEDI  
100 |a Muñoz Umaña, Flor de María, 1958-  |9 1733 
245 |a Informe de labores 2001 
260 |a [San José, Costa Rica] : Universidad de Costa Rica, Facultad de Ingeniería, Instituto de Investigaciones en Ingeniería  |c 2002 
942 |c MV  |h MV 249  |i MV00249  |6 MV_249_000000000000000_MV00249 
999 |c 13052  |d 13052